00401nam a2200145 a 4500008004100000050001600041100001800057245005700075246001900132260003100151300001600182350000900198650003100207650001700238120416s1928 ||||||||||||||||| || u aPG 2640 Gol aGolovinsky, M12aA new English-russian and Russian-English dictionary aM. Golovinsiky aParisbGarnier Pressc1928 aviii, 764p. a0.00 aENGLISH-RUSSIAN DICTIONARY aDICTIONARIES